Countries That Contain O - Statistics

General Stats
  • This quiz has been taken 61 times
    41 since last reset
  • The average score is 44 of 66
Answer Stats
Answer % Correct
South Africa
93%
South Korea
93%
Norway
90%
Oman
90%
Honduras
87%
North Korea
87%
Poland
87%
South Sudan
87%
Romania
80%
San Marino
80%
Bolivia
77%
Colombia
77%
Comoros
77%
Kosovo
77%
Mexico
77%
Monaco
77%
Mongolia
77%
Morocco
77%
Portugal
77%
Slovakia
77%
Somalia
77%
Togo
77%
Tonga
77%
Andorra
73%
Angola
73%
Costa Rica
73%
Laos
73%
Mozambique
73%
Slovenia
73%
United Kingdom
73%
Croatia
70%
Dominica
70%
Dominican Republic
70%
Indonesia
70%
Lesotho
70%
Luxembourg
70%
Estonia
67%
Ethiopia
67%
Macedonia
67%
Moldova
67%
Jordan
63%
Montenegro
63%
Samoa
63%
Singapore
63%
Solomon Islands
63%
Botswana
60%
Cambodia
60%
Georgia
60%
Lebanon
60%
Trinidad And Tobago
60%
Barbados
57%
Djibouti
57%
El Salvador
57%
Republic of Congo
57%
Burkina Faso
53%
Democratic Republic Of Congo
53%
Ecuador
53%
Gabon
53%
Sao Tomé And Principe
53%
Bosnia And Herzegovina
47%
East Timor
47%
Cameroon
33%
Cote d'Ivoire
33%
Equatorial Guinea
33%
Sierra Leone
30%
Federated States Of Micronesia
23%
No matching quizzes found
Score Distribution
Percent of People with Each Score
Percentile by Number Answered
Your Score History
You have not taken this quiz since the last reset